| 000 | 00403nam a2200169Ia 4500 | ||
|---|---|---|---|
| 999 |
_c1050 _d1050 |
||
| 003 | OSt | ||
| 005 | 20191003095317.0 | ||
| 008 | 190722s9999 xx 000 0 und d | ||
| 020 | _a978-8122436884 | ||
| 040 | _cmaju | ||
| 100 | _aK.Knagarajan | ||
| 245 | 2 | _aA Brief Course on Technology Management | |
| 250 | _a19th | ||
| 260 |
_aNew Delhi _bMcGraw Hill _c2013 |
||
| 300 | _a916 | ||
| 942 |
_cBK _2ddc |
||